00520 a2200157 4500010001400000020002300014035001300037037001500050082001000065100002600075245007900101260005200180270005100232300002800283500005100311 aENG-88539 a8182201780c450.00 aEN-72072 bDBAD / PUB14a658.31 aKavitha Krishnamurthi1 aHuman resource management:cby Kavita Krishnamurthibconcept and planning/ aNew DelhibGlobal Vision Publishing Housec2006 a20, Ansari Road, DaryaganjbNew Delhie110 002 aviii, 160p.c22cm (Hb.) aIncludes bibliographical references and index